000 00547nam a2200181Ia 4500
008 090630s9999 xx 000 0 und d
082 _b23088
100 _aवैद्य सुरेश.
245 _aकाटेरी.
_cवैद्य सुरेश.
260 _bशांती - पुणे.
300 _a0
600 _aवैद्य सुरेश.
630 _aकाटेरी.
655 _aकादंबरी.
700 _aवैद्य सुरेश.
730 _aकाटेरी.
942 _cBOOK
999 _c274944
_d274944